Catálogo - Centro de Recursos para el Aprendizaje y la Investigación

Volver al Sitio - CRAI Biblioteca

La Corte de Justicia de la Comunidad Centroamericana / (Registro nro. 113451)

Detalles MARC
000 -CABECERA
campo de control de longitud fija 01517nam a2200289 4500
001 - NÚMERO DE CONTROL
campo de control 113451
003 - IDENTIFICADOR DEL NÚMERO DE CONTROL
campo de control DR-UNIBE
005 - FECHA Y HORA DE LA ÚLTIMA TRANSACCIÓN
campo de control 20250415091512.0
008 - DATOS DE LONGITUD FIJA--INFORMACIÓN GENERAL
campo de control de longitud fija 250414b2000 nq ||||| |||| 00| 0 spa d
020 ## - NÚMERO INTERNACIONAL ESTÁNDAR DEL LIBRO
Número Internacional Estándar del Libro 9992400323
040 ## - FUENTE DE LA CATALOGACIÓN
Centro catalogador/agencia de origen BIBLIOTECA UNIBE
Lengua de catalogación spa
Centro/agencia transcriptor BIBLIOTECA UNIBE
Normas de descripción rda
041 ## - CÓDIGO DE LENGUA
Código de lengua del texto/banda sonora o título independiente spa
082 ## - NÚMERO DE LA CLASIFICACIÓN DECIMAL DEWEY
Número de edición 22
Número de clasificación 347.01 C448c
100 10 - ENTRADA PRINCIPAL--NOMBRE DE PERSONA
Nombre de persona Chamorro Mora, Rafael
9 (RLIN) 194246
Término indicativo de función/relación autor
-- diseñador de portada
245 13 - MENCIÓN DE TÍTULO
Título La Corte de Justicia de la Comunidad Centroamericana /
Mención de responsabilidad, etc. Rafael Chamorro Mora; prólogo: Orlando Tejeros Somarriba; diagramación y diseño de portada; Irina O. Svorzova; foto portada: Rodrigo González Chamorro
250 ## - MENCIÓN DE EDICIÓN
Mención de edición Primera edición
260 ## - PUBLICACIÓN, DISTRIBUCIÓN, ETC.
Lugar de publicación, distribución, etc. Managua :
Nombre del editor, distribuidor, etc. Rafael Chamorro Mora,
Fecha de publicación, distribución, etc. 2000
300 ## - DESCRIPCIÓN FÍSICA
Extensión 200 páginas :
Dimensiones 20 x 13 cm
500 ## - NOTA GENERAL
Nota general Información del autor en las solapas, palabras de Rubén Darío en la contraportada
505 ## - NOTA DE CONTENIDO CON FORMATO
Nota de contenido con formato Prólogo |<br/>Capítulo I. Introducción |<br/>Capítulo II. Antecedentes |<br/>Capítulo III. Base jurídica |<br/>Capítulo IV. Atribuciones y organización |<br/>Capítulo V. Competencias de la Corte |<br/>Capítulo VI. Otras competencias |<br/>Capítulo VII. Conclusiones |<br/>Apéndice |<br/>Índice
650 #7 - PUNTO DE ACCESO ADICIONAL DE MATERIA--TÉRMINO DE MATERIA
Fuente del encabezamiento o término lemb
Término de materia o nombre geográfico como elemento de entrada Tribunales internacionales
650 #7 - PUNTO DE ACCESO ADICIONAL DE MATERIA--TÉRMINO DE MATERIA
Término de materia o nombre geográfico como elemento de entrada Corte de Justicia Centroamericana
Subdivisión general Organización
9 (RLIN) 194252
700 10 - PUNTO DE ACCESO ADICIONAL--NOMBRE DE PERSONA
Nombre de persona Tejeros Somarriba, Orlando
9 (RLIN) 194248
Término indicativo de función/relación prologuista
700 10 - PUNTO DE ACCESO ADICIONAL--NOMBRE DE PERSONA
Nombre de persona Svorzova, Irina A.
9 (RLIN) 194249
Término indicativo de función/relación diseñador de portada
-- diagramador
700 10 - PUNTO DE ACCESO ADICIONAL--NOMBRE DE PERSONA
Nombre de persona González Chamorro, Rodrigo
9 (RLIN) 194250
Término indicativo de función/relación fotógrafo de portada
942 ## - ELEMENTOS DE PUNTO DE ACCESO ADICIONAL (KOHA)
Fuente del sistema de clasificación o colocación Sistema de Clasificación Decimal Dewey
Tipo de ítem Koha Libro (general)
Existencias
Estado de retiro Estado de pérdida Fuente del sistema de clasificación o colocación No para préstamo Código de colección Localización permanente Fecha de adquisición Total de préstamos Signatura topográfica completa Código de barras Fecha visto por última vez Número de copia Precio válido a partir de Tipo de ítem Koha
  Disponible Sistema de Clasificación Decimal Dewey   General Biblioteca Central UNIBE 05/03/2025   347.01 C448c 250367 14/04/2025 Ej. 1 14/04/2025 Libro (general)